McGraw-Hill illustrated telecom dictionary / (Include CD) (Record no. 175739)

000 -LEADER
fixed length control field 00678 a2200229 4500
003 - CONTROL NUMBER IDENTIFIER
control field Nust
005 - DATE AND TIME OF LATEST TRANSACTION
control field 20221212131200.0
010 ## - LIBRARY OF CONGRESS CONTROL NUMBER
LC control number 00036069
020 ## - INTERNATIONAL STANDARD BOOK NUMBER
International Standard Book Number 0071360379 (set)
020 ## - INTERNATIONAL STANDARD BOOK NUMBER
International Standard Book Number 0071363033 (book)
020 ## - INTERNATIONAL STANDARD BOOK NUMBER
International Standard Book Number 0071378618 (electronic bk.)
040 ## - CATALOGING SOURCE
Transcribing agency Nust
082 00 - DEWEY DECIMAL CLASSIFICATION NUMBER
Classification number 621.38202,CLA
100 1# - MAIN ENTRY--PERSONAL NAME
Personal name Clayton, Jade.
9 (RLIN) 104659
245 10 - TITLE STATEMENT
Title McGraw-Hill illustrated telecom dictionary / (Include CD)
Statement of responsibility, etc. Jade Clayton.
250 ## - EDITION STATEMENT
Edition statement 2nd ed.
260 ## - PUBLICATION, DISTRIBUTION, ETC.
Place of publication, distribution, etc. New York :
Name of publisher, distributor, etc. McGraw-Hill,
Date of publication, distribution, etc. c2000.
300 ## - PHYSICAL DESCRIPTION
Extent xiii, 750 p. :
Other physical details ill. 23 cm. +
Accompanying material 1 computer laser optical disc (4 3/4 in.)
650 #0 - SUBJECT ADDED ENTRY--TOPICAL TERM
Topical term or geographic name entry element Telecommunication
651 ## - SUBJECT ADDED ENTRY--GEOGRAPHIC NAME
Geographic name (Include CD)
9 (RLIN) 8953
942 ## - ADDED ENTRY ELEMENTS (KOHA)
Koha item type Reference
Source of classification or shelving scheme
Holdings
Withdrawn status Lost status Source of classification or shelving scheme Damaged status Not for loan Permanent Location Current Location Shelving location Date acquired Full call number Barcode Date last seen Price effective from Koha item type Public note
          Military College of Signals (MCS) Military College of Signals (MCS) General Stacks 12/12/2016 621.38202,CLA MCS28064 12/08/2016 12/12/2016 Book AlmirahNo.36, Shelf No.1
© 2023 Central Library, National University of Sciences and Technology. All Rights Reserved.